Čin-čin rozprávky pre deti od 3 do 93 rokov

Bibliographic Details
Other Authors: Dudešek, Jan (Director), Krajíček, Ivan, 1940-1997 (Performer), Fehér, Mikuláš, 1942-2017 (Scenarist)
Format: Video DVD
Language:Slovak
PhysicalDescription:1 videodisk (DVD) (82 min.) fareb., zvuk. 12 cm
Published: Bratislava PlusProduction 2006
Series:Digitálna videotéka Slovenska
Subjects:

MARC

LEADER 00000ngm a2200000 a 4500
001 vtls008994043
003 SK-MaSNL
005 20260301124920.0
007 vd cvaizu
008 251029s2006 xo 082 g vaslo
015 |a SNBJ2007 
028 4 2 |a QQ 0037-9-331  |b PlusProduction 
040 |a SNK  |b slo  |c SNK  |e AACR2 
041 0 |a slo 
044 |a xo  |c SK 
072 7 |a 791  |x Film. Cirkus. Ľudová zábava  |2 konspekt 
080 |a 791.228  |2 2001 
080 |a 791.242.097  |2 2001 
080 |a 7.097:82-34  |2 2001 
080 |a (0.034.44)  |2 2001 
245 0 0 |a Čin-čin  |h videozáznam  |b rozprávky pre deti od 3 do 93 rokov  |c námet a scenár: Mikuláš Fehér ; réžia: Jan Dudešek 
246 3 0 |a Rozprávky pre deti od 3 do 93 rokov 
246 3 4 |a Desaťdielny rozprávkový seriál podľa knižky Ľudmily Podjavorinskej o životných osudoch vrabčiaka Čima Čimčara 
260 |a Bratislava  |b PlusProduction  |c 2006 
300 |a 1 videodisk (DVD) (82 min.)  |b fareb., zvuk.  |c 12 cm 
490 1 |a Digitálna videotéka Slovenska  |v 010 
500 |a Bonus: Vtáčatká 
500 |a Obsahuje 10 častí 
508 |a Vyrobené v koprodukcii s STV 
511 0 |a Rozprávač: Ivan Krajíček 
534 |p Pôvodný záznam:  |c Bratislava : ČST, 1970 
538 |a Dolby Digital; obraz PAL 4:3 
650 0 7 |a animované filmy  |2 SNKPH  |9 3171 
650 0 7 |a televízne rozprávky  |2 SNKPH  |9 75703 
650 0 7 |a televízne seriály  |2 SNKPH  |9 2920 
655 7 |a DVD  |2 SNKPH  |9 70751 
700 1 |a Dudešek, Jan  |4 drt  |9 388987 
700 1 |a Krajíček, Ivan,  |d 1940-1997  |4 prf  |9 98849 
700 1 |a Podjavorinská, Ľudmila,  |d 1872-1951  |4 ant  |9 91301 
700 1 |a Fehér, Mikuláš,  |d 1942-2017  |4 sce  |9 103465 
710 2 |a Slovenská televízia  |4 oth  |4 dst  |9 115516 
830 0 |a Digitálna videotéka Slovenska  |9 315137 
999 |c 740902  |d 742832 
952 |a SNK  |b SNK  |y PREZ  |7 0  |p 17A0551301  |o snkSDVD 195  |i snk2007/13958  |8 0  |0 0  |1 0  |4 0  |d 2007-05-30  |l 0  |r 2026-02-23 22:58:42  |w 2026-02-23